The Marginalized Self: (Record no. 183535)

MARC details
000 -LEADER
fixed length control field 00636 a2200193 4500
005 - DATE AND TIME OF LATEST TRANSACTION
control field 20211227161542.0
010 ## - LCCN (DPL NO)
LC control number ENG-130703
020 ## - INTERNATIONAL STANDARD BOOK NUMBER
International Standard Book Number 978-93-89933-80-2
Terms of availability 1095.00
035 ## - SYSTEM CONTROL NUMBER
System control number EN-114235
037 ## - SOURCE OF ACQUISITION
Source of stock number/acquisition DBAD/PUB
082 ## - DEWEY DECIMAL CLASSIFICATION NUMBER
Classification number 305.800954123
245 ## - TITLE STATEMENT
Title The Marginalized Self:
Statement of responsibility, etc Edited by Rahul Ghai, Arvind K. Mishra, Sanjay Kumar
260 ## - PUBLICATION, DISTRIBUTION, ETC. (IMPRINT)
Place of publication, distribution, etc Delhi
Name of publisher, distributor, etc Primus Books
Date of publication, distribution, etc 2020
270 ## - ADDRESS
Address Virat Bhawan, Mukherjee Nagar, Commercial Complex
City Delhi
Postal code 110009
300 ## - PHYSICAL DESCRIPTION
Extent 159p.
Dimensions 24cm (hbk)
700 ## - ADDED ENTRY--PERSONAL NAME
Personal name Edited Arvind K. Mishra
700 ## - ADDED ENTRY--PERSONAL NAME
Personal name Edited by Sanjay Kumar
942 ## - ADDED ENTRY ELEMENTS (KOHA)
Institution code [OBSOLETE] dpl
Item type English Books
Source of classification or shelving scheme Dewey Decimal Classification
Classification part 305.800954123
Call number suffix THE
Holdings
Withdrawn status Lost status Not for loan Collection code Home library Current library Date acquired Source of acquisition Cost, normal purchase price Full call number Barcode Copy number Cost, replacement price Koha item type
      Non-fiction Mobile Library Mobile Library 27/12/2021 DBAD/PUB 1095.00 305.800954123 THE EN-114235 1 1095.00 English Books

© Delhi Public Library
Hit Counter
free hit counter